|
|
|
|
| LEADER |
01259nam a2200289 4500 |
| 001 |
00023379 |
| 008 |
111114s1993 bg w 000 0 mul d |
| 040 |
|
|
|a BD-DhAAL
|c BD-DhAAL
|
| 082 |
0 |
0 |
|a 348.5492/046
|2 22
|
| 130 |
0 |
|
|a BLD
|
| 245 |
0 |
0 |
|a Bangladesh Legal Decisions,
|n volume no.13 /
|c chief editor A.T.M. Kamrul Islam, editor Gour Gopal Saha.
|
| 246 |
1 |
7 |
|a B.L.D.
|
| 260 |
|
|
|a Dhaka :
|b Bangladesh Bar Council,
|c 1993
|
| 300 |
|
|
|a Various pagings ;
|c 24 cm.
|
| 362 |
0 |
|
|a Vol.XIII,1993
|
| 500 |
|
|
|a REGN. NO. DA513, Volume XIII
|
| 500 |
|
|
|a Appellate Div.High Court Div. BD, Statutes
|
| 590 |
|
|
|a Published yearly.
|
| 541 |
|
|
|e 00023379
|
| 650 |
|
0 |
|a Law reports, digests, etc.
|z Bangladesh.
|
| 700 |
1 |
|
|a Islam,A.T.M. Kamrul
|
| 700 |
1 |
|
|a Saha,Gour Gopal
|
| 710 |
1 |
|
|a Bangladesh Bar Council.
|
| 852 |
1 |
|
|a Ayesha Abed Library
|j General shelf
|
| 999 |
|
|
|c 11455
|d 11455
|
| 952 |
|
|
|0 0
|1 0
|2 ddc
|4 0
|6 348_549204600000000_BAN
|7 0
|8 REF
|9 18617
|a BRACUL
|b BRACUL
|c CIR
|d 2011-11-21
|l 5
|o 348.5492046 BAN
|p 3010023379
|r 2014-03-08
|s 2014-03-08
|t 1
|w 2011-11-21
|y 1HOUR
|x Available
|
| 952 |
|
|
|0 0
|1 0
|2 ddc
|4 0
|6 348_549204600000000_BAN
|7 0
|8 REF
|9 43931
|a BRACUL
|b BRACUL
|c REF
|d 2014-10-23
|e Anupam Gyan
|g 914.00
|l 7
|o 348.5492046 BAN
|p 3010028057
|r 2017-11-27
|s 2017-11-27
|t 2
|w 2014-10-23
|y 1HOUR
|